Italic and Romance linguistic studies in honor of Ernst Pulgram /
| Other Authors: | , |
|---|---|
| Format: | Book |
| Language: | English French German Italian Spanish |
| Published: |
Amsterdam :
Benjamins,
1980.
|
| Series: | Amsterdam studies in the theory and history of linguistic science. Current issues in linguistic theory ;
v. 18. |
| Subjects: |
MARC
| Tag | First Indicator | Second Indicator | Subfields |
|---|---|---|---|
| LEADER | 00000cam a2200000 a 4500 | ||
| 001 | in00000098657 | ||
| 005 | 20150924085925.0 | ||
| 008 | 820804s1980 ne ac b 01000 eng | ||
| 010 | |a 81180354 | ||
| 015 | |a Ne*** | ||
| 020 | |a 9027235112 | ||
| 035 | |a (OCoLC)07368090 | ||
| 035 | |9 AAK9765AM | ||
| 039 | 0 | |a 2 |b 3 |c 3 |d 3 |e 3 | |
| 040 | |a DLC |c DLC |d TXA |d UtOrBLW | ||
| 041 | 0 | |a eng |a fre |a ger |a ita |a spa | |
| 049 | |a TXAM |c [1197333] | ||
| 050 | 0 | 0 | |a PC14 |b P8 |
| 082 | 0 | |a 440/.01 |2 19 | |
| 245 | 0 | 0 | |a Italic and Romance linguistic studies in honor of Ernst Pulgram / |c edited by Herbert J. Izzo. |
| 264 | 1 | |a Amsterdam : |b Benjamins, |c 1980. | |
| 300 | |a xxi, 337 pages : |b illustrations, portrait ; |c 23 cm. | ||
| 336 | |a text |b txt |2 rdacontent | ||
| 337 | |a unmediated |b n |2 rdamedia | ||
| 338 | |a volume |b nc |2 rdacarrier | ||
| 490 | 1 | |a Amsterdam studies in the theory and history of linguistic science : series 4, Current issues in linguistic theory, |x 0304-0763 ; |v v. 18 | |
| 500 | |a English, French, German, Italian, and Spanish. | ||
| 504 | |a Bibliography of Ernst Pulgram's works: pages ix-xviii. | ||
| 504 | |a Includes bibliographies. | ||
| 600 | 1 | 0 | |a Pulgram, Ernst. |
| 650 | 0 | |a Romance languages. | |
| 700 | 1 | |a Pulgram, Ernst. | |
| 700 | 1 | |a Izzo, Herbert J. | |
| 830 | 0 | |a Amsterdam studies in the theory and history of linguistic science. |n Series IV, |p Current issues in linguistic theory ; |v v. 18. | |
| 999 | |a MARS | ||
| 999 | f | f | |s 5cc52ea9-d338-368d-a8a0-4add4db5ecb0 |i f31dc2c4-362d-371a-8e09-0888eb08c5de |t 0 |
| 952 | f | f | |p ric |a Texas A&M University |b Rellis Campus |c Joint Library Facility |s JLF |d Remote Storage |t 0 |e PC14 P8 |h Library of Congress classification |i unmediated -- volume |m A14806033684 |
| 998 | f | f | |a PC14 P8 |t 0 |l Remote Storage |